A textbook of organic chemistry : (Record no. 87923)

MARC details
000 -LEADER
fixed length control field 00838nam a22002297a 4500
005 - DATE AND TIME OF LATEST TRANSACTION
control field 20170515105100.0
010 ## - LCCN (DPL NO)
LC control number B-536922-932
020 ## - INTERNATIONAL STANDARD BOOK NUMBER
Terms of availability 895.00
International Standard Book Number 9788120347977
035 ## - SYSTEM CONTROL NUMBER
System control number B-536922-932
035 ## - SYSTEM CONTROL NUMBER
System control number B-663832
037 ## - SOURCE OF ACQUISITION
Source of stock number/acquisition UBH/Ven
037 ## - SOURCE OF ACQUISITION
Source of stock number/acquisition Bookwell
Stock number dpl
082 ## - DEWEY DECIMAL CLASSIFICATION NUMBER
Classification number 547
100 ## - MAIN ENTRY--PERSONAL NAME
Personal name Ghatak, K.L.
245 ## - TITLE STATEMENT
Title A textbook of organic chemistry :
Statement of responsibility, etc by K.L.Ghatak
Remainder of title and problem analysis/
260 ## - PUBLICATION, DISTRIBUTION, ETC. (IMPRINT)
Place of publication, distribution, etc New Delhi
Name of publisher, distributor, etc PHI Learning
Date of publication, distribution, etc 2014
270 ## - ADDRESS
Address 111, Patparganj Industrial Estate,
City Delhi
Postal code 110092
300 ## - PHYSICAL DESCRIPTION
Extent 1304p.
Dimensions 25cm(pbk)
942 ## - ADDED ENTRY ELEMENTS (KOHA)
Source of classification or shelving scheme Dewey Decimal Classification
Item type English Books
Classification part 547
Call number suffix GHA
Holdings
Withdrawn status Lost status Not for loan Collection code Home library Current library Date acquired Source of acquisition Cost, normal purchase price Full call number Barcode Copy number Cost, replacement price Koha item type
      Non-fiction Ashok Vihar Ashok Vihar 15/05/2017 BPPD/EN/2013-14/AV/16-17/362/15.2.2017/1034/25.2.2017/ 1.3.2017 895.00 547 GHA B-663832 1 895.00 English Books
      Non-fiction Central Library Central Library 20/08/2014 UBH/317/28.03.2014/148/25.03.2014/31.03.2014 895.00 547 GHA B-536922 1 895.00 English Books
      Non-fiction Janak Puri Janak Puri 20/08/2014 UBH/317/28.03.2014/148/25.03.2014/31.03.2014 895.00 547 GHA B-536927 1 895.00 English Books
      Non-fiction Karol Bagh Karol Bagh 20/08/2014 UBH/317/28.03.2014/148/25.03.2014/31.03.2014 895.00 547 GHA B-536929 1 895.00 English Books
      Non-fiction Kasturba Gandhi Marg Kasturba Gandhi Marg 20/08/2014 UBH/317/28.03.2014/148/25.03.2014/31.03.2014 895.00 547 GHA B-536924 1 895.00 English Books
      Non-fiction Narela Narela 20/08/2014 UBH/317/28.03.2014/148/25.03.2014/31.03.2014 895.00 547 GHA B-536931 1 895.00 English Books
      Non-fiction New Rohtak Road New Rohtak Road 20/08/2014 UBH/317/28.03.2014/148/25.03.2014/31.03.2014 895.00 547 GHA B-536930 1 895.00 English Books
  Written-off vide DLB M. No. 383 dt 16.05.19   Non-fiction Patel Nagar Patel Nagar 20/08/2014 UBH/317/28.03.2014/148/25.03.2014/31.03.2014 895.00 547 GHA B-536923 1 895.00 English Books
      Non-fiction Peshwa Road Peshwa Road 20/08/2014 UBH/317/28.03.2014/148/25.03.2014/31.03.2014 895.00 547 GHA B-536925 1 895.00 English Books
      Non-fiction Sarojini Nagar Sarojini Nagar 20/08/2014 UBH/317/28.03.2014/148/25.03.2014/31.03.2014 895.00 547 GHA B-536928 1 895.00 English Books
      Non-fiction Shahdara Branch Shahdara Branch 20/08/2014 UBH/317/28.03.2014/148/25.03.2014/31.03.2014 895.00 547 GHA B-536932 1 895.00 English Books
      Non-fiction Tri Nagar Tri Nagar 20/08/2014 UBH/317/28.03.2014/148/25.03.2014/31.03.2014 895.00 547 GHA B-536926 1 895.00 English Books

© Delhi Public Library
Hit Counter
free hit counter